000 00576nam a2200205Ia 4500
005 20250508163734.0
008 008 250505s9999 xx 000 0 hin d
020 _a81-86684-51-4
037 _aReference
040 _aFEDL
_beng
_cFEDL
041 _ahin
_2hin
084 _a371.96, DEN/RR
_qFEDL
100 _aDennison George
_9771697
245 0 _aBachchon ka jeevan: Ek school ki kahani
260 _aNew Delhi, India
_bGranth Shilpi
_c1999
300 _a221p.
365 _aINR
_b2346
942 _cREF
_h371.96, DEN/RR
999 _c1384987
_d1384987